Tragedia del fin de atawallpa = atau wallpaj p'uchukakuyninpa wankan /

Guardado en:
Autor Principal: Lara, Jesús
Formato: Libro
Publicado: Buenos Aires : Del Sol, 2005
Series:Biblioteca de Cultura Popular; No. 11
Materias:
Etiquetas: Agregar Etiqueta
Sin Etiquetas, Sea el primero en etiquetar este registro!
LEADER 01018nam a22003015a 4500
001 CEM.cems012970
008 130507s2005##################000#0#####d
005 20211110173448.0
003 CEMS
245 1 0 |a Tragedia del fin de atawallpa = atau wallpaj p'uchukakuyninpa wankan /  |c Versión En Español y Estudio Preliminar de Jesús Lara 
260 |a Buenos Aires :  |b Del Sol,  |c 2005 
300 |a 147 p. 
490 0 |a Biblioteca de Cultura Popular; No. 11 
500 |a Edición bilingüe existe además. 
590 |a 1294.015 
020 |a 9509413186 
100 1 |a Lara, Jesús 
082 0 4 |a Pe862.1 
653 |a Literatura 
653 |a Literatura americana 
653 |a Literatura inca 
653 |a Teatro 
653 |a Teatro quechua 
653 |a Literatura peruana 
653 |a Biblioteca TC 
859 |a CEMS  |b BIB. CEMS - 11 de abril  |h Pe862.1  |i L32  |p 25282.08  |t Ej.1  |v TC 
859 |a CEMS  |b BIB. CEMS - 11 de abril  |h Pe862.1  |i L32  |p 25286.08  |t Ej.2  |v TC 
859 |a CEMS  |b BIB. CEMS - 11 de abril  |h TC  |p 1294.015  |t Ej.3